Estadísticas para Portugal o España?

Haz click aquí para intentar la prueba.

Estadísticas generales

  • Esta prueba ha sido intentada 300 veces
  • La puntuación promedio es 14 de 20

Estadísticas de respuestas

PreguntaRespuesta% Correcto
Es el segundo país más visitado del mundoEspaña
98%
La Alhambra se sitúa en este paísEspaña
97%
Sufrió un terremoto de 8.5 (en la escala Ritcher) que destruyó su capitalPortugal
97%
Es parte de la Unión EuropeaAmbos
96%
Tuvo un imperio más grandeEspaña
94%
Tiene una montaña más altaEspaña
92%
Ha ganado más Copas Mundiales de fútbolEspaña
91%
Posee el restaurante más caro del mundoEspaña
89%
Tiene el puente más largo del mundoPortugal
88%
Tiene un IDH (Índice de Desarrollo Humano) más altoEspaña
83%
Tuvo una dictadura en el siglo 20Ambos
81%
Tiene acceso tanto al oceano Atlántico como al mar MediterráneoEspaña
73%
Tiene la librería más antigua del mundoPortugal
73%
Participó en al menos una guerra mundialPortugal
62%
Tiene una mayor densidad de poblaciónPortugal
52%
Usa más energías renovablesPortugal
46%
Sufrió una guerra civilAmbos
42%
Tiene más islasPortugal
34%
Solo tiene 1 idioma oficialNinguno
25%
Tiene rojo y verde en su banderaAmbos
7%

Distribución de puntuación

Porcentaje por número respondido

Porcentaje de gente con cada puntuación

Historial de tus puntuaciones

No has intentado esta prueba.